El derecho a la libertad de opinión e información y sus límites: honra y vida privada

Saved in:
Bibliographic Details
Format: Book
Language:Spanish
Published: Santiago LexisNexis 2002
Subjects:
Tags: Add Tag
No Tags, Be the first to tag this record!

MARC

LEADER 00000nam a2200000 a 4500
001 UCM5993
003 CL-VaPUC
008 021025e20020900CL |||||||||||||||||spa|d
082 0 4 |a 323.44  |b NOG  |2 21 
245 1 3 |a El derecho a la libertad de opinión e información y sus límites: honra y vida privada 
300 |a 385 p 
942 |c BK 
945 |d 20021025 00:00:00  |a vberengu 
260 |a Santiago  |b LexisNexis  |c 2002 
650 0 |a Derecho a la información   |9 256185 
650 7 |a DERECHO A LA LIBERTAD DE EXPRESION  |2 CL-VaPUC  |9 345571 
650 0 |a Derechos fundamentales   |9 254841 
650 0 |a Libertad de prensa  |9 255610 
650 0 |a Libertad de opinión  |9 404292 
583 |a last modification  |c 20021025 00:00:00  |k Rodrigo Vera 
999 |c 301661  |d 301659 
952 |0 0  |1 0  |4 0  |6 323_440000000000000_NOG_2002  |7 0  |8 A  |9 360950  |a BIBDER  |b BIBDER  |d 2019-11-21  |i 3855341  |o 323.44 NOG 2002  |p 3855341  |r 2023-01-25  |w 2019-11-21  |y BK  |k DER